[Event "Recklinghausen"]
[Site "Recklinghausen"]
[Date "1998.07.29"]
[Round "5"]
[White "Georgiev, Kiril"]
[Black "Kachiani Gersinska, Ketino"]
[Result "1-0"]
[WhiteElo "2675"]
[BlackElo "2435"]
[Annotator "Hecht,H"]
[PlyCount "99"]
[EventDate "1998.07.25"]
[EventType "tourn"]
[EventRounds "9"]
[EventCountry "GER"]
[EventCategory "12"]
[SourceTitle "CBM 067"]
[Source "ChessBase"]
[SourceDate "1998.11.30"]
[SourceVersion "2"]
[SourceVersionDate "1998.11.01"]
[SourceQuality "1"]

1. d4 Nf6 2. Nf3 g6 3. c3 Bg7 4. Bg5 c5 5. e3 Qb6 6. Qb3 d6 7. Nbd2 Be6 8. Bc4
Bxc4 9. Nxc4 Qxb3 10. axb3 Nbd7 11. dxc5 Nxc5 12. b4 Ncd7 13. Ke2 O-O 14. Rhd1
Rfc8 15. Nfd2 h6 16. Bh4 Kf8 17. Ra5 d5 18. Na3 a6 19. Ra1 e5 20. Bxf6 Nxf6 21.
Nf3 d4 22. exd4 exd4 23. Nxd4 Ne4 24. Nac2 Re8 25. Ne3 f5 26. g3 Bxd4 27. cxd4
Nd6 28. Rd5 Nb5 29. Rc1 Rad8 30. Rxd8 Rxd8 31. d5 {Ein weißer Mehrbauer, aber
noch kein Zugang zur schwarzen Stellung. Der Damenflügel ist blockiert und die
c-Linie neutralisiert. Bleibt nur eine Stellungsöffnung am Königsflügel.} Ke7
32. h4 Kf6 33. Kd3 Re8 34. f3 Rd8 35. Rc4 g5 $6 {Verständlich. daß Schwarz
etwas unternimmt; dennoch war Abwarten besser, vielleicht sogar h5.} 36. h5 {
[%csl Rh6]} Re8 37. Rc5 Rd8 38. g4 fxg4 (38... f4 39. Nf5 Rh8 40. d6 Ke6 41.
Ke4 $16 Nxd6+ 42. Nxd6 Kxd6 43. Kf5 b6 44. Rc2 {[%csl Rh6][%cal Rf5g6,Rg6g7]}
Rg8 45. Kf6 {[%cal Rf6f7]} Re8 46. Rd2+ Kc6 47. Kg7 Re6 48. Rd8 {[%cal Rd8h8,
Rh8h6]}) 39. Nxg4+ Kg7 40. Ne3 Kf6 41. Rc4 Rd7 42. Re4 Nc7 43. Kc4 b6 44. Ng4+
Kg7 45. d6 $1 $18 Nb5 46. Re7+ Rxe7 47. dxe7 Kf7 48. Nxh6+ Kxe7 49. Kd5 a5 50.
Nf5+ (50. Nf5+ Kf6 51. h6 (51. Nd6 $2 Nxd6 52. Kxd6 axb4 53. Kc6 Kg7 54. Kxb6
Kh6 55. Kb5 Kxh5 56. Kxb4 Kh4 57. Kc4 Kg3 58. b4 Kxf3 59. b5 g4 $11) 51... Kg6
52. Kc6 Na7+ 53. Kxb6 Nc8+ 54. Kxa5 $18) 1-0

[Event "POR-ch final"]
[Site "Canecas"]
[Date "2002.12.18"]
[Round "5"]
[White "Galego, Luis"]
[Black "Fernandes, Antonio ETG"]
[Result "1-0"]
[WhiteElo "2508"]
[BlackElo "2482"]
[Annotator "Hecht,H"]
[PlyCount "159"]
[EventDate "2002.12.14"]
[EventType "match"]
[EventRounds "5"]
[EventCountry "POR"]
[SourceTitle "CBM 093"]
[Source "ChessBase"]
[SourceDate "2003.04.01"]
[SourceVersion "1"]
[SourceVersionDate "2003.04.01"]
[SourceQuality "1"]

1. d4 Nf6 2. Nf3 g6 3. Bf4 Bg7 4. e3 O-O 5. h3 d6 6. Be2 c5 7. c3 b6 8. O-O Bb7
9. Nbd2 Nc6 10. a4 Qd7 11. Nc4 Rad8 12. Bh2 Qc8 13. Qb3 h6 14. Rfd1 Ba6 15. Bf1
Bxc4 16. Qxc4 d5 17. Qe2 Ne4 18. Nd2 Nxd2 19. Qxd2 c4 20. e4 e5 21. dxe5 Na5
22. Qe2 Nb3 23. Rab1 dxe4 24. Rd6 Qf5 25. Rbd1 Rde8 26. Qxc4 e3 27. fxe3 Nc5
28. Qf4 Qc2 29. R6d2 Qb3 30. Qc4 Bxe5 31. Qxb3 Nxb3 32. Rd7 a5 33. Bxe5 Rxe5
34. R7d6 Nc5 35. Rxb6 Nxa4 36. Rb5 Rxb5 37. Bxb5 Nc5 38. Rd5 Rc8 39. Kf1 Kf8
40. Re5 f6 41. Rd5 Ke7 42. Ke2 Rc7 43. h4 h5 44. Kf3 Ke6 45. Bc4 Ke7 46. Ba2 a4
47. e4 Rc8 48. Ke3 Rc7 49. Rd4 Rb7 50. Rb4 Rxb4 51. cxb4 Nd7 52. Kd4 g5 53. Bc4
Kd6 54. g3 Ne5 55. Be2 gxh4 56. gxh4 Ng6 57. Bxh5 Nxh4 58. Bd1 Ng6 59. Bxa4 Ne5
{[#] Läufer mit Mehrbauer - Zugzwangmotive} 60. b5 Nd7 61. Bb3 Nb6 62. Bd5 Nc8
63. Bc6 Nb6 64. b3 Nc8 65. Kc4 Nb6+ 66. Kb4 Nc8 67. Ka5 Kc7 68. Bd5 Nb6 69. Be6
Kb7 (69... Na8 70. Ka6 Nb6 71. Ka7 $22) 70. Kb4 Kc7 71. Kc5 Na8 72. Bd5 Nb6 73.
Bc6 Nc8 74. Kd5 Ne7+ 75. Ke6 Ng8 76. Kf7 Nh6+ 77. Kxf6 Ng4+ 78. Ke6 Ne3 79. e5
Nc2 80. Kf7 1-0

[Event "Ptuj zt"]
[Site "Ptuj"]
[Date "1995.??.??"]
[Round "7"]
[White "Gostisa, Leon F"]
[Black "Enders, Peter"]
[Result "0-1"]
[WhiteElo "2420"]
[BlackElo "2480"]
[Annotator "Hecht,H"]
[PlyCount "88"]
[EventDate "1995.04.??"]
[EventType "tourn"]
[EventRounds "15"]
[EventCountry "SLO"]
[EventCategory "10"]
[SourceTitle "CBM 047"]
[Source "ChessBase"]
[SourceDate "1995.08.01"]
[SourceVersion "1"]
[SourceVersionDate "1995.08.01"]
[SourceQuality "1"]

1. d4 Nf6 2. Nf3 g6 3. Bg5 Bg7 4. Nbd2 h6 5. Bh4 d6 6. e3 g5 7. Bg3 Nh5 8. c3
Nxg3 9. hxg3 e6 10. Bd3 Nc6 11. Qc2 Qe7 12. O-O-O Bd7 13. g4 O-O-O 14. Nf1 Kb8
15. Ng3 Rhf8 16. Kb1 Na5 17. b4 Nc6 18. e4 a6 19. Rhe1 Na7 20. e5 Bc6 21. Be4
dxe5 22. Nxe5 Bxe5 23. dxe5 Rxd1+ 24. Rxd1 Rd8 25. Rxd8+ Qxd8 26. Kc1 Qh8 27.
Qd3 Qxe5 28. Kc2 Ba4+ 29. Kb2 Nb5 30. Ne2 Nd6 31. Bf3 Bb5 32. Qd4 Bxe2 33. Qxe5
Nc4+ 34. Kc2 Bd3+ 35. Kxd3 Nxe5+ 36. Ke4 Nxf3 {6P<->7P Motive: einfache Technik
} 37. gxf3 (37. Kxf3 f5 38. gxf5 exf5 39. g4 Kc8 40. gxf5 h5 41. Ke4 Kd7 42.
Ke5 Ke7 43. f6+ Kf7 44. Kf5 h4 45. Kg4 Kxf6 46. f4 gxf4 47. Kxf4 Ke6 $19) 37...
f6 38. a4 Kc8 39. Kd4 Kd7 40. Kc5 b6+ 41. Kd4 c6 42. Kc4 (42. c4 Kd6 43. c5+
bxc5+ 44. bxc5+ Ke7 45. Kc4 a5 46. Kd4 Kf7 47. Ke4 Kg6 48. Ke3 h5 $19) 42...
Kd6 43. Kd4 c5+ 44. Ke4 Kc6 0-1

[Event "Capablanca Memorial Elite 34th"]
[Site "Havana"]
[Date "1999.05.12"]
[Round "5"]
[White "Hoffman, Alejandro"]
[Black "Atalik, Suat"]
[Result "1/2-1/2"]
[WhiteElo "2547"]
[BlackElo "2593"]
[Annotator "Hecht,H"]
[PlyCount "96"]
[EventDate "1999.05.??"]
[EventType "tourn"]
[EventRounds "13"]
[EventCountry "CUB"]
[EventCategory "12"]
[SourceTitle "CBM 071"]
[Source "ChessBase"]
[SourceDate "1999.08.01"]
[SourceVersion "1"]
[SourceVersionDate "1999.08.01"]
[SourceQuality "1"]

1. d4 Nf6 2. Nf3 g6 3. c3 Bg7 4. Bf4 O-O 5. e3 d6 6. h3 c5 7. dxc5 dxc5 8. Qxd8
Rxd8 9. Bc7 Rf8 10. Nbd2 Be6 11. a4 Nc6 12. Bd3 Rac8 13. Bh2 Rfd8 14. Ke2 Na5
15. Rhd1 h6 16. Ne5 Ne8 17. Bc2 Nd6 18. e4 g5 19. Nd3 Ndc4 20. Nxc4 Bxc4 21. f3
e5 22. Ke1 Bxd3 23. Bxd3 c4 24. Bf1 f6 25. g3 Bf8 26. Bg1 b6 27. h4 Kf7 28. Bh3
Rb8 29. Bd7 Bc5 30. Bxc5 bxc5 31. Bb5 gxh4 32. gxh4 Kg6 33. Rxd8 Rxd8 {[#]
Schwarz räumt am Damenflügel, Weiß am Königsflügel auf. Gegen das drohende
Matt erreicht Schwarz mit freischwebendem Turm Remis. Nähere Analysen fördern
einige Überraschungen zutage. An einer Stelle spielt der Randspringer den
tragischen Held.} 34. Ke2 Rb8 35. Rg1+ Kf7 (35... Kh5 $2 36. Rg4 a6 37. Bd7 {
[%cal Rd7f5,Rf5g6]} Rxb2+ 38. Ke3 Rh2 39. Bf5 Rxh4 40. Bg6#) 36. h5 Rb6 $5 (
36... a6 $5) 37. Rg6 a6 38. Bd7 Rxb2+ 39. Ke1 Rc2 40. Rxh6 Rxc3 41. Rh7+ Kg8
42. Bf5 Rc1+ 43. Kf2 c3 44. Rc7 c2 {[%mdl 12288] Es sieht so aus, als hätte
Schwarz hier den Gewinn ausgelassen, wenn er zuerst den Turm zieht und dabei
Angriff mit Verteidigung verbindet:} (44... Rh1 $5 {[%cal Gh1h6,Rc3c2]} 45. h6
$1 (45. Rxc5 c2 46. Rxc2 Rh2+ $19) 45... Rxh6 (45... c2 46. h7+ {siehe dazu
die Anmerkung zum 45. Zug}) 46. Rxc5 c2 47. Kg3 {und Schwarz hat einen alten
Hut - der Schein trügt also!}) 45. h6 $1 {[#]} Rf1+ {Der Versuch, mit Th1 auf
Gewinn zu spielen, scheitert an einer tückischen Einkreisung des Springers.} (
45... Rh1 46. h7+ Kh8 (46... Kf8 47. Rxc5 $18 {[%csl Rc2]}) (46... Rxh7 47.
Bxh7+ Kh8 48. Rxc5 Kxh7 49. Rxc2 $18) 47. Bg6 $1 {[%cal Rc7c8,Rc8g8]} Rxh7 (
47... c1=Q 48. Rc8+ Kg7 49. Rg8+ Kh6 50. h8=Q+ Kg5 51. Bf5+ Kf4 52. Rg4#) (
47... Rf1+ 48. Ke2 $1 Re1+ 49. Kd3 Rd1+ 50. Kxc2 Rd8 51. Rxc5 $18) 48. Rxh7+
Kg8 49. Rh1 Nb3 50. Bf5 {[%cal Rf5e6]} Kf7 (50... c1=Q 51. Rxc1 Nxc1 52. Be6+
Kf8 53. Bc4 $18 {[%csl Rc1][%cal Rf2e1,Re1d2]}) 51. Bc8 c1=Q 52. Rxc1 Nxc1 53.
Bxa6 $18 {[%cal Ra6c4]}) 46. Kg2 Rg1+ 47. Kf2 Rf1+ 48. Kg2 {[%mdl 12288]} (48.
Ke2 $1 {Kennen wir das nicht schon? Wo bleibt das Remis für Schwarz?}) 48...
Rg1+ {Ich bitte dringend um Überprüfung meiner Analysen!!} 1/2-1/2

[Event "Edinburgh Challenge m"]
[Site "Edinburgh"]
[Date "1996.12.17"]
[Round "4"]
[White "Arkell, Keith C"]
[Black "Rowson, Jonathan"]
[Result "0-1"]
[WhiteElo "2545"]
[BlackElo "2425"]
[Annotator "Hecht,H"]
[PlyCount "190"]
[EventDate "1996.12.14"]
[EventType "match"]
[EventRounds "6"]
[EventCountry "SCO"]
[SourceTitle "CBM 057"]
[Source "ChessBase"]
[SourceDate "1997.04.01"]
[SourceVersion "1"]
[SourceVersionDate "1997.04.01"]
[SourceQuality "1"]

1. d4 Nf6 2. Nf3 g6 3. b4 Bg7 4. Bb2 d6 5. Nbd2 Nbd7 6. e3 O-O 7. Rb1 Re8 8.
Nc4 b6 9. Be2 Bb7 10. O-O c5 11. dxc5 dxc5 12. b5 Qc7 13. h3 Rad8 14. Qc1 e5
15. Rd1 e4 16. Nh2 Bd5 17. Ba1 h5 18. Qa3 Bf8 19. Nf1 Bxc4 20. Bxc4 Bd6 21. Qb3
Re7 22. Rd2 Be5 23. Bxe5 Nxe5 24. Rbd1 Red7 25. Qc3 Rxd2 26. Rxd2 Rxd2 27. Nxd2
Qd6 28. Bf1 h4 29. Nc4 Nxc4 30. Qxc4 g5 31. Qa4 Qd7 32. Qa3 Kg7 33. Qc3 Kg6 34.
Be2 Qd5 35. a3 Qd6 36. a4 Kg7 37. a5 Kf8 38. a6 Ke7 39. Kh1 Nd7 40. Qc4 Qe5 41.
Kg1 Nf6 42. Qb3 Qa1+ 43. Bf1 Kf8 44. Qc4 Qe1 45. Qb3 Kg7 46. Qb2 Kg6 47. Qe5 g4
48. g3 hxg3 49. Qxg3 Qd1 50. h4 Qf3 51. Qe5 g3 52. Qg5+ Kh7 53. Qxg3 Qxg3+ 54.
fxg3 {[#] Gleich gute Leichtfiguren bei einem weißen Mehrbauern aber
blockierter Stellung. Weiß überzieht und verliert.} Ng4 55. Bg2 f5 56. Bh3 Nh6
57. Kf2 Kg6 58. Ke2 Kf6 59. Kf2 Ke7 60. Bf1 Nf7 61. Be2 Ne5 62. Ke1 Kf6 63. Kf2
Kg6 64. Kg2 Kf6 65. Kh3 Kg6 66. c3 Kf6 67. g4 $6 fxg4+ 68. Kg3 (68. Bxg4 Nc4
69. Kg3 Nxe3 70. Kf4 Nd5+) 68... Kf5 69. h5 Kg5 70. h6 Kxh6 71. Kf4 g3 72. Bf1
$2 (72. Kxg3 $11) 72... Nc4 $1 {Zugzwang} 73. Bg2 Nd6 74. Kxg3 Kg5 75. Bf1 c4
$19 76. Kf2 Kf6 77. Ke1 Ke5 78. Kd2 Kd5 79. Bh3 Nxb5 80. Bc8 Nc7 81. Bb7+ Ke5
82. Kc2 Nd5 83. Kd2 Nf6 84. Bc6 Kd6 85. Bb7 Kc5 86. Ba8 b5 87. Bb7 Nd5 88. Bc8
Kd6 89. Bb7 Nc7 90. Kc2 Ke5 91. Bc6 Kd6 92. Bb7 Kc5 93. Kb2 Kb6 94. Bxe4 Nxa6
95. Bd5 Kc5 0-1

[Event "Sigeman & Co 04th"]
[Site "Malmo"]
[Date "1996.??.??"]
[Round "3"]
[White "Bellon Lopez, Juan Manuel"]
[Black "Ziegler, Ari"]
[Result "0-1"]
[WhiteElo "2505"]
[BlackElo "2440"]
[Annotator "King,D"]
[PlyCount "72"]
[EventDate "1996.06.??"]
[EventType "tourn"]
[EventRounds "9"]
[EventCountry "SWE"]
[EventCategory "12"]
[SourceTitle "CBM 054"]
[Source "ChessBase"]
[SourceDate "1996.10.01"]
[SourceVersion "1"]
[SourceVersionDate "1996.10.01"]
[SourceQuality "1"]

1. d4 Nf6 2. Nf3 g6 3. Bf4 Bg7 4. e3 c5 5. Nbd2 cxd4 6. exd4 Nc6 7. h3 O-O 8.
c3 d6 9. Be2 Nh5 10. Bg5 h6 11. g4 Nf6 12. Bh4 e5 13. d5 Ne7 14. Bxf6 Bxf6 15.
Qb3 Bg7 16. O-O-O f5 17. gxf5 Rxf5 18. Bd3 Rf4 19. Rdg1 g5 20. h4 g4 21. Nh2
Qf8 22. h5 Kh8 23. Kb1 a5 $1 24. Ne4 (24. a4 {would hold things up for a while
but is just too loose.}) 24... a4 25. Qb5 a3 $1 26. Nxd6 (26. b3 Rxe4 27. Bxe4
Qxf2 28. Bc2 (28. Qe8+ Bf8 29. Bc2 Bf5) 28... Bf5 29. Rc1 g3 $19) 26... e4 $1
27. Nxe4 axb2 28. Nf1 Qd8 29. Ne3 Ra5 30. Qc4 Nxd5 31. Nxd5 Rxd5 32. Bc2 Be6
33. Qe2 Ra5 34. c4 Rxa2 35. Bb3 Ra1+ 36. Kc2 Bf5 0-1

[Event "Zug Young Masters"]
[Site "Zug"]
[Date "2001.10.18"]
[Round "10"]
[White "Kempinski, Robert"]
[Black "Moor, Roger"]
[Result "1-0"]
[WhiteElo "2595"]
[BlackElo "2367"]
[Annotator "Konikowski,J"]
[PlyCount "55"]
[EventDate "2001.10.09"]
[EventType "tourn"]
[EventRounds "11"]
[EventCountry "SUI"]
[EventCategory "9"]
[SourceTitle "CBM 086"]
[Source "ChessBase"]
[SourceDate "2002.02.05"]
[SourceVersion "1"]
[SourceVersionDate "2002.02.05"]
[SourceQuality "1"]

1. Nf3 Nf6 2. c4 g6 3. b4 Bg7 4. Bb2 O-O 5. e3 c6 6. d4 d5 7. Nbd2 Ne4 (7...
Nbd7 8. Be2 dxc4 9. Nxc4 Nb6 10. h3 Ne4 11. O-O Nd5 12. Qc2 Nd6 13. a3 Bf5 14.
Qb3 Nxc4 15. Bxc4 Nb6 16. Be2 Qd5 17. Qd1 Rfd8 18. Bc3 Nc4 19. Qc1 Nd6 20. Rd1
Be4 21. a4 Bh6 $11 {Pecorelli Garcia,H-Zapata,A/Santa Clara 1996/}) (7... a5 8.
b5 cxb5 9. cxb5 Nbd7 10. Bd3 Ne8 11. Ba3 Nb6 12. O-O Nd6 13. Rc1 Bf5 14. Bxd6
Qxd6 15. Bxf5 gxf5 16. Qc2 e6 17. Qc7 Qxc7 18. Rxc7 Rab8 19. Rfc1 a4 20. Ne1
Rfc8 21. Nd3 Bf8 22. Kf1 Rxc7 23. Rxc7 Bd6 24. Rc1 Ra8 25. Nc5 Ra7 26. Ke2 $14
{Kortchnoi,V-Rogers,I/Novi Sad 1990/}) (7... Bg4 8. Be2 e6 9. O-O Nbd7 10. h3
Bxf3 11. Nxf3 Re8 12. a3 Ne4 13. Rb1 Rc8 14. Bd3 f5 15. Ne5 Qc7 16. f4 Ndf6 17.
Rf3 Nd6 18. c5 Nf7 19. Nxf7 Qxf7 20. b5 Nd7 21. a4 $14 {De Jager,J-Baete,G/
Vlissingen 2000/}) (7... Bf5 8. Qb3 a5 9. bxa5 Qxa5 10. Bc3 Qc7 11. Ne5 Nfd7
12. Nxd7 Nxd7 13. cxd5 cxd5 14. Bb5 e5 15. O-O Rfe8 16. Rac1 exd4 17. exd4 Nf6
18. Nf3 Ne4 19. Bb2 Qf4 20. g3 Qg4 21. Rfe1 Nd6 22. Be2 Qh3 23. Bf1 Qg4 24. Be2
Qh3 25. Bf1 Qg4 26. Be2 Qh3 27. Bf1 {1/2-1/2 Hort,V-Ivkov,B/Sarajevo 1964/}) 8.
Nxe4 (8. Be2 Nd7 9. O-O Ndf6 10. a4 Bg4 11. b5 Nxd2 12. Nxd2 Bxe2 13. Qxe2 Qd7
14. Rfc1 Rfc8 $11) 8... dxe4 9. Nd2 f5 10. Be2 Be6 (10... e5 11. dxe5 Qg5 12.
O-O $14) 11. O-O Nd7 12. Qc2 Qc7 13. Nb3 Bf7 14. Rfd1 Nf6 15. a4 $14 {[%cal
Yb4b5]} g5 16. Nc5 b6 $2 {[%mdl 16384]} (16... a5 17. bxa5 Rxa5 18. Bc3 Ra7 19.
a5 $16) (16... Nd7 17. Nxd7 Qxd7 18. b5 Qc7 $14) 17. Na6 $16 Qc8 18. b5 f4 19.
exf4 gxf4 20. f3 Bg6 21. Qb3 Kh8 22. Nb4 {[%cal Yd4d5]} cxb5 23. axb5 exf3 24.
Bxf3 Ne4 25. Nc6 Qc7 26. d5 Rg8 (26... Nc5 27. Bxg7+ Kxg7 28. Qb2+ Kg8 29. d6
exd6 30. Bd5+ Bf7 31. Qf6 Rfe8 32. Re1 Bxd5 33. Re7 $18) 27. Bxe4 Bxe4 28. Re1
(28. Re1 Bxg2 29. Rxe7 $18) 1-0

[Event "Clichy"]
[Site "Clichy"]
[Date "2001.07.03"]
[Round "9"]
[White "Apicella, Manuel"]
[Black "Lautier, Joel"]
[Result "1/2-1/2"]
[WhiteElo "2518"]
[BlackElo "2658"]
[Annotator "Lautier,J"]
[PlyCount "91"]
[EventDate "2001.06.25"]
[EventType "tourn"]
[EventRounds "9"]
[EventCountry "FRA"]
[EventCategory "14"]
[SourceTitle "CBM 085"]
[Source "ChessBase"]
[SourceDate "2001.11.13"]
[SourceVersion "1"]
[SourceVersionDate "2001.11.13"]
[SourceQuality "1"]

1. d4 Nf6 2. Nf3 g6 3. Bf4 Bg7 4. e3 O-O 5. h3 d6 6. Nbd2 c5 7. c3 Nc6 {
Hazai: 'The N is a bit unusual here.'} (7... b6 {/\ Bb7, Nbd7 is the regularly
played main line.}) 8. Be2 Be6 {Hazai: 'Black's setup is somewhat
extraordinary.'} 9. Ng5 $6 {Hazai: 'This only helps for Black to prepare the
central push e7-e5.'} (9. O-O Qb6) (9. O-O {was the natural continuation.})
9... Bd7 (9... Bd5 $5 10. e4 h6) 10. O-O (10. dxc5 dxc5 11. e4 h6 12. Ngf3 Be6
$11) 10... cxd4 11. exd4 $6 (11. cxd4 e5 12. dxe5 dxe5 13. Bh2 Qe7 $11) 11...
e5 {'!' Hazai.} 12. dxe5 dxe5 (12... Nd5 13. Bg3 Qxg5 $6 14. Nf3) 13. Bh2 Bf5
$15 {Hazai: 'and Black has already achieved an advantage in the [+].'} 14. Bf3
Qe7 $1 15. Re1 Nd7 {Hazai: 'Black can keep >< e5, so the h2 B remains passive.'
} 16. Nge4 $6 (16. Bxc6 bxc6 17. Ngf3 c5 (17... f6 18. Nd4 $14) 18. Nc4 Rfd8
19. Qa4 f6 $15) 16... Be6 {Hazai: '/\ f5 maintaining the pressure in the [+].'}
17. Nb3 f5 18. Nd6 e4 {Hazai: '/\ Nde5 gaining space in the [+], and preparing
the >> ->.'} 19. Be2 Nde5 $17 20. Nb5 {Hazai: 'White has to give up the
stronghold on d6, this was too far.'} Rad8 21. N5d4 {Hazai: 'The N has a new
stronghold, but Black's -> on the >> poses a real threat.'} f4 (21... Bd5 22.
Qc1 $5) 22. Qc2 Bd5 (22... f3 {looked also frightening:} 23. Bf1 fxg2 (23...
Bd5 $36) 24. Bxg2 Nf3+ 25. Bxf3 Nxd4 26. Nxd4 Bxd4 27. cxd4 exf3 $40) 23. Nxc6
Bxc6 24. Nd4 Bd5 25. Bf1 Nc6 (25... Qg5 $2 26. Rxe4 $132) (25... e3 26. fxe3 f3
27. gxf3 Nxf3+ (27... Bxf3 28. Bg2) 28. Nxf3 Rxf3 29. e4 Be6 30. Bg2 $15) (
25... f3 $17) 26. Nb3 e3 27. Rad1 Kh8 (27... Qg5 $17) 28. fxe3 fxe3 29. Qe2 Bh6
(29... Qe4 30. Nc5) 30. Bg3 Be6 {/\ Qg5} (30... Qg5 31. Qg4 $15) 31. Nd4 (31.
Rxd8 $142 Rxd8 32. Rd1) 31... Nxd4 32. cxd4 (32. Rxd4 Bxa2 33. Ra1 Bg8 34. Rxa7
Rxd4 35. cxd4 Bg7 $17) 32... Qg5 33. Kh2 $2 (33. Be5+ Kg8 $17 {/\ Rf2}) 33...
Qxg3+ $3 34. Kxg3 Bf4+ 35. Kf3 (35. Kh4 g5+ 36. Kh5 Bf7+ 37. Kg4 h5+ 38. Kf5
Be8+ 39. Ke6 Kg7 $19 {/\ Bf7}) 35... Bd5+ 36. Kg4 Be6+ 37. Kf3 Bd5+ 38. Kg4 h5+
39. Kh4 Kg7 $2 $138 (39... Bf7 $1 40. Qb5 $8 Rd5 $1 41. Qxd5 Bxd5 42. Rc1 (42.
g3 Bc7 $1 43. g4 Bd8+ 44. Kg3 Rf3+ 45. Kh2 Bc7+ $19) 42... Kg7 $1 43. Rc5 Rf5
$1 $19 {/\ Kh6}) 40. g3 $8 g5+ 41. Kxh5 Bf7+ (41... Be6 $2 42. gxf4 Rd5 43. f5
$1 $18) 42. Kg4 Be6+ 43. Kf3 Bd5+ 44. Kg4 Be6+ 45. Kf3 Bd5+ 46. Kg4 1/2-1/2

[Event "Kurgan"]
[Site "Kurgan"]
[Date "1993.??.??"]
[Round "?"]
[White "Rublevsky, Sergei"]
[Black "Asanov, Bolat"]
[Result "1-0"]
[WhiteElo "2525"]
[BlackElo "2385"]
[Annotator "Lisenko"]
[PlyCount "43"]
[EventDate "1993.12.??"]
[EventType "tourn"]
[EventRounds "13"]
[EventCountry "RUS"]
[EventCategory "8"]
[SourceTitle "CBM 039"]
[Source "ChessBase"]
[SourceDate "1994.04.01"]
[SourceVersion "1"]
[SourceVersionDate "1994.04.01"]
[SourceQuality "1"]

1. e4 g6 2. d4 Bg7 3. c3 d6 4. Bg5 Nf6 5. Nd2 O-O (5... h6 $5 6. Bh4 e5 7. dxe5
$5 dxe5 8. Ngf3 Nbd7 9. Be2 O-O 10. O-O Qe8 $1 11. Qc2 Nh5 12. Rfe1 $1 Nf4 13.
Bf1 Nb6 14. a4 a5 15. Nc4 Nxc4 16. Bxc4 Be6 $13 {Vladimirov,E-Ivkov,B /La
Habana/1986/ 1:0 (40) Inf 41/117/}) 6. Ngf3 (6. f4 $5) (6. Bc4 $5) 6... c5 7.
dxc5 dxc5 8. Be2 $146 (8. Bc4 Nc6 9. O-O Qc7 10. Qe2 Nd7 $5 11. h3 Nde5 12.
Nxe5 Nxe5 13. Bb3 b5 $5 14. Bd5 $1 (14. Qxb5 $2 a5 {/\Ba6~/=/}) 14... Rb8 15.
f4 e6 (15... Nc6 16. e5 $16) 16. fxe5 exd5 17. exd5 Bxe5 18. Rae1 f6 19. Bh6
Re8 20. Ne4 $16 {Hishimura,H-Mohd,K /Jakarta(zt)/1993/ 1:0 (39) Inf 57/67/}) (
8. Qc2 Nc6 9. Be2 Be6 10. O-O h6 $6 (10... Qc7 $5) 11. Be3 b6 12. h3 $14 {
Malaniuk,V-Ravi,L /Calcutta/1993/ 1:0 (41) Inf 57/66/}) 8... h6 9. Be3 $5 (9.
Bh4 Nh5 $10) 9... Qc7 10. h3 Nh5 $6 (10... b6 11. O-O $14) 11. e5 $1 $16 g5 12.
g3 $5 (12. Nxg5 hxg5 13. Bxh5 Nc6 $1 14. O-O Nxe5 15. Bxg5 Bf5 $44) 12... Nc6
13. Qc2 $5 (13. Ng1 Nxg3 14. fxg3 Bxe5 $44) 13... b6 14. O-O-O (14. Ng1 Nxg3
15. fxg3 Qxe5 16. Bf2 Bf5 $1 $44) 14... Be6 15. h4 $1 g4 16. Ng5 hxg5 17. hxg5
Qxe5 18. Rxh5 Bf5 (18... Rfd8 19. Qh7+ Kf8 20. g6 Bf5 21. Rxf5 Qxf5 22. Bh6 $18
) 19. Bd3 Nb4 20. Bxf5 Nxc2 21. Bh7+ Kh8 22. Bf4 $1 (22. Bf4 Qe6 23. Bf5+ $18)
1-0